Pays colonisés par la France - Mort subite - Statistiques

Statistiques générales
  • Ce quiz a été pris 1 356 fois
    1 338 depuis la dernière actualisation
  • Le résultat moyen est 8 sur 22
Answers on the Grid
Answers color-coded by a green-red scale on the quiz's grid according to % correct below.
Algérie
Cambodge
Laos
Vietnam
Somalie
Nigéria
Madagascar
Haïti
Bahamas
Colombie
Canada
États-Unis
Kenya
Tanzanie
Mexique
Australie
Maurice
Guinée
Guinée-Bissau
Guinée équatoriale
Mali
Tchad
Égypte
Éthiopie
Djibouti
Côte d'Ivoire
Bénin
Dominique
République dominicaine
Jamaïque
Liban
Inde
Koweït
Vanuatu
Tuvalu
Fidji
Seychelles
Maldives
Sénégal
Thaïlande
 
Statistiques - réponses
Réponse % Correct
Algérie
67%
Sénégal
59%
Côte d'Ivoire
58%
Mali
57%
Canada
53%
Haïti
49%
Madagascar
48%
Bénin
43%
Vietnam
43%
Liban
40%
Maurice
39%
États-Unis
37%
Guinée
37%
Cambodge
33%
Djibouti
33%
Tchad
31%
Laos
29%
Seychelles
18%
Inde
17%
Dominique
14%
Vanuatu
14%
République dominicaine
13%
Aucun quiz correspondant
Distribution des résultats
% des personnes avec chaque résultat
Percentile par nombre de réponses
Votre historique - résultats
Vous n’avez pas pris ce quiz depuis la dernière actualisation